000 00956nam0a2200301 i 4500
001 RU\NLR\BIBL_A\011395355
005 20260405075206.0
010 _a9785997341763
_9155
021 _aRU
_b2017-31509
_92322
035 _a(RuMoRGB)008872671
035 _a(NLR Aleph) 011395355
090 _a11475753
_c11475753
100 _a20170529d2017 um y0rusy50 ca
101 0 _arus
102 _aRU
105 _ay|||z|||000zy
200 1 _aНумерология надличностных ударов
_fС. Ю. Рю
210 _aМосква
_cСпутник+
_d2017
215 _a155 с.
_d21
320 _aДр. кн. авт. на 4-й с. обл.
606 _aНумерология
_92073670
_3RU\NLR\AUTH\661248595
686 2 _aЭ391.219
700 1 _7ca
_8rus
_aРю
_bС. Ю.
_f1958-
_gСумин Юрьевич
_99847
_3RU\NLR\AUTH\7726809
942 _cBOOK
980 _aNBR